[Event "CZE-chT2D 1718"]
[Site "Czech Republic"]
[Date "2017.11.19"]
[Round "3.3"]
[White "Svanda, Ondrej"]
[Black "Fiedler, Bedrich"]
[Result "1/2-1/2"]
[WhiteElo "2040"]
[BlackElo "2097"]
[PlyCount "57"]
[EventDate "2017.10.15"]
[EventType "team-tourn"]
[EventRounds "11"]
[EventCountry "CZE"]
[SourceTitle "EXT 2022"]
[Source "ChessBase"]
[SourceDate "2021.10.06"]
[SourceVersion "1"]
[SourceVersionDate "2021.10.06"]
[SourceQuality "1"]
[WhiteTeam "Policka Stefanydes"]
[BlackTeam "Lipa"]
[WhiteTeamCountry "CZE"]
[BlackTeamCountry "CZE"]

1. c4 c5 2. Nc3 Nc6 3. g3 g6 4. Bg2 Bg7 5. e4 d6 6. Nge2 Nf6 7. 0-0 0-0 8. Rb1 Ne8 9. a3 a5 10. Nb5 Nc7 11. Nxc7 Qxc7 12. b3 Nd4 13. Nxd4 Bxd4 14. Bb2 Bxb2 15. Rxb2 Rb8 16. a4 b6 17. d4 e5 18. d5 Qe7 19. f4 f6 20. f5 g5 21. h4 Qg7 22. Qg4 h6 23. hxg5 hxg5 24. Bf3 Bd7 25. Rh2 Kf7 26. Kg2 Rh8 27. Rh5 Ke7 28. Rfh1 Rbg8 29. Rxh8 1/2-1/2

[Event "CZE-chT2D 1617"]
[Site "Czech Republic"]
[Date "2017.02.12"]
[Round "8.4"]
[White "Nemec, Pavel"]
[Black "Fiedler, Bedrich"]
[Result "1-0"]
[WhiteElo "2207"]
[BlackElo "2074"]
[PlyCount "51"]
[EventDate "2016.10.09"]
[EventType "team-tourn"]
[EventRounds "11"]
[EventCountry "CZE"]
[SourceTitle "EXT 2022"]
[Source "ChessBase"]
[SourceDate "2021.10.06"]
[SourceVersion "1"]
[SourceVersionDate "2021.10.06"]
[SourceQuality "1"]
[WhiteTeam "Vysoke Myto"]
[BlackTeam "Lipa"]
[WhiteTeamCountry "CZE"]
[BlackTeamCountry "CZE"]

1. e4 c5 2. Nf3 d6 3. d4 cxd4 4. Nxd4 Nf6 5. Nc3 g6 6. Be3 Bg7 7. f3 Nc6 8. Bc4 0-0 9. Qd2 Bd7 10. 0-0-0 Rc8 11. Bb3 Ne5 12. Kb1 a6 13. h4 h5 14. g4 Rxc3 15. Qxc3 hxg4 16. f4 Nxe4 17. Qb4 Nc6 18. Qxb7 Nxd4 19. Bxd4 Bxd4 20. Qxe4 Bg7 21. Qxg6 Bc6 22. Qxg4 e6 23. Rhg1 Qf6 24. c3 Rb8 25. Rg3 Be4+ 26. Bc2 1-0

[Event "CZE-chT2D 1617"]
[Site "Czech Republic"]
[Date "2016.10.30"]
[Round "2.4"]
[White "Sykora, Josef"]
[Black "Fiedler, Bedrich"]
[Result "1/2-1/2"]
[WhiteElo "2043"]
[BlackElo "2074"]
[PlyCount "22"]
[EventDate "2016.10.09"]
[EventType "team-tourn"]
[EventRounds "11"]
[EventCountry "CZE"]
[SourceTitle "EXT 2022"]
[Source "ChessBase"]
[SourceDate "2021.10.06"]
[SourceVersion "1"]
[SourceVersionDate "2021.10.06"]
[SourceQuality "1"]
[WhiteTeam "Pardubice Rapid II"]
[BlackTeam "Lipa"]
[WhiteTeamCountry "CZE"]
[BlackTeamCountry "CZE"]

1. c4 c5 2. Nc3 Nc6 3. Nf3 g6 4. d4 cxd4 5. Nxd4 Bg7 6. e3 Nf6 7. Be2 0-0 8. 0-0 d5 9. cxd5 Nxd5 10. Nxd5 Qxd5 11. Bf3 Qc5 1/2-1/2

[Event "CZE-chT2D 1516"]
[Site "Czech Republic"]
[Date "2016.03.13"]
[Round "9.3"]
[White "Fiedler, Bedrich"]
[Black "Ptacek, Tomas"]
[Result "1/2-1/2"]
[WhiteElo "2122"]
[BlackElo "2077"]
[PlyCount "83"]
[EventDate "2015.10.18"]
[EventType "team-tourn"]
[EventRounds "11"]
[EventCountry "CZE"]
[SourceTitle "EXT 2022"]
[Source "ChessBase"]
[SourceDate "2021.10.06"]
[SourceVersion "1"]
[SourceVersionDate "2021.10.06"]
[SourceQuality "1"]
[WhiteTeam "Lipa ZVU Engineering"]
[BlackTeam "Hradec Kralove II"]
[WhiteTeamCountry "CZE"]
[BlackTeamCountry "CZE"]

1. d4 Nf6 2. Nf3 g6 3. c4 c5 4. Nc3 Bg7 5. g3 0-0 6. Bg2 Nc6 7. 0-0 d6 8. d5 Na5 9. Nd2 a6 10. Qc2 Rb8 11. b3 b5 12. Rb1 Bg4 13. f3 Bd7 14. Bb2 Qc7 15. e4 Rfc8 16. Ne2 bxc4 17. bxc4 Rb4 18. Bc3 Nxc4 19. Bxb4 Ne3 20. Qb3 Nxf1 21. Bxf1 cxb4 22. Qxb4 Bb5 23. Rc1 Qa7+ 24. Kg2 Rxc1 25. Nxc1 Qe3 26. Bxb5 axb5 27. Ncb3 Qe2+ 28. Kh3 Bh6 29. Qc3 Be3 30. Qc1 g5 31. Qf1 g4+ 32. fxg4 Qxg4+ 33. Kg2 Bxd2 34. Nxd2 Nxe4 35. Qxb5 Ng5 36. Qe8+ Kg7 37. Qxe7 h5 38. Qe3 h4 39. Nf3 h3+ 40. Kf2 Nxf3 41. Qxf3 Qd4+ 42. Ke2 1/2-1/2

[Event "CZE-chT2D 1516"]
[Site "Czech Republic"]
[Date "2016.02.21"]
[Round "8.3"]
[White "Trhal, Tomas"]
[Black "Fiedler, Bedrich"]
[Result "1/2-1/2"]
[WhiteElo "2123"]
[BlackElo "2122"]
[PlyCount "70"]
[EventDate "2015.10.18"]
[EventType "team-tourn"]
[EventRounds "11"]
[EventCountry "CZE"]
[SourceTitle "EXT 2022"]
[Source "ChessBase"]
[SourceDate "2021.10.06"]
[SourceVersion "1"]
[SourceVersionDate "2021.10.06"]
[SourceQuality "1"]
[WhiteTeam "Vysoke Myto"]
[BlackTeam "Lipa ZVU Engineering"]
[WhiteTeamCountry "CZE"]
[BlackTeamCountry "CZE"]

1. e4 c5 2. Nf3 d6 3. d4 cxd4 4. Nxd4 Nf6 5. Nc3 g6 6. Be3 Bg7 7. f3 Nc6 8. Qd2 0-0 9. g4 Be6 10. Nxe6 fxe6 11. 0-0-0 Ne5 12. Be2 Rc8 13. h4 Qa5 14. h5 Nc4 15. Bxc4 Rxc4 16. hxg6 hxg6 17. Bh6 Rf7 18. Bxg7 Rxg7 19. Rh3 b5 20. Kb1 b4 21. Ne2 e5 22. Rdh1 Rc6 23. Qd3 Qc5 24. Rh8+ Kf7 25. Ra8 Rg8 26. Qb3+ Kg7 27. Rxg8+ Nxg8 28. Nc1 a5 29. Rd1 Nf6 30. Nd3 Qc4 31. Qxc4 Rxc4 32. b3 Rc3 33. Kb2 Nd7 34. a3 Nc5 35. Nxc5 dxc5 1/2-1/2

[Event "CZE-chT2D 1516"]
[Site "Czech Republic"]
[Date "2015.11.22"]
[Round "3.3"]
[White "Krejci, Jan"]
[Black "Fiedler, Bedrich"]
[Result "1/2-1/2"]
[WhiteElo "2134"]
[BlackElo "2122"]
[PlyCount "37"]
[EventDate "2015.10.18"]
[EventType "team-tourn"]
[EventRounds "11"]
[EventCountry "CZE"]
[SourceTitle "EXT 2022"]
[Source "ChessBase"]
[SourceDate "2021.10.06"]
[SourceVersion "1"]
[SourceVersionDate "2021.10.06"]
[SourceQuality "1"]
[WhiteTeam "Litovel Tatran II"]
[BlackTeam "Lipa ZVU Engineering"]
[WhiteTeamCountry "CZE"]
[BlackTeamCountry "CZE"]

1. Nf3 c5 2. c4 Nc6 3. Nc3 g6 4. g3 Bg7 5. Bg2 d6 6. 0-0 e5 7. d3 Nge7 8. Bd2 h6 9. e4 0-0 10. Ne1 Be6 11. Nd5 a5 12. Nc2 Nb4 13. Bc3 Nxc2 14. Qxc2 Nxd5 15. exd5 Bd7 16. a4 b6 17. Bd2 Bc8 18. Rae1 Ra7 19. b3 1/2-1/2

[Event "CZE-chT2D 1415"]
[Site "Czech Republic"]
[Date "2015.02.22"]
[Round "8.4"]
[White "Havelka, Josef"]
[Black "Fiedler, Bedrich"]
[Result "1/2-1/2"]
[WhiteElo "2085"]
[BlackElo "2118"]
[PlyCount "83"]
[EventDate "2014.11.02"]
[EventType "team-tourn"]
[EventRounds "11"]
[EventCountry "CZE"]
[SourceTitle "EXT 2022"]
[Source "ChessBase"]
[SourceDate "2021.10.06"]
[SourceVersion "1"]
[SourceVersionDate "2021.10.06"]
[SourceQuality "1"]
[WhiteTeam "Policka Stefanydes"]
[BlackTeam "Lipa ZVU Engineering"]
[WhiteTeamCountry "CZE"]
[BlackTeamCountry "CZE"]

1. e4 c5 2. Nf3 d6 3. d4 cxd4 4. Nxd4 Nf6 5. Nc3 g6 6. f4 Nc6 7. Nxc6 bxc6 8. e5 Nd7 9. exd6 exd6 10. Be3 Be7 11. Qd2 0-0 12. 0-0-0 f5 13. Nd5 Nf6 14. Bc4 Be6 15. Nxf6+ Rxf6 16. Bxe6+ Rxe6 17. Bd4 d5 18. Rhe1 Re4 19. g4 Rxf4 20. Qxf4 Bg5 21. Re8+ Kf7 22. Rxd8 Bxf4+ 23. Kb1 Rxd8 24. gxf5 Bxh2 25. fxg6+ Kxg6 26. Bxa7 h5 27. Bd4 Re8 28. a4 h4 29. a5 Ra8 30. b4 Kf5 31. Rf1+ Ke4 32. c3 Bf4 33. Kc2 h3 34. Kb3 h2 35. Ka4 Kd3 36. b5 cxb5+ 37. Kxb5 Ke2 38. Ra1 Bg3 39. a6 Be1 40. Ra2+ Bd2 41. Ra1 Be1 42. Ra2+ 1/2-1/2

[Event "CZE-chT2D 1415"]
[Site "Czech Republic"]
[Date "2015.01.11"]
[Round "5.4"]
[White "Ptacek, Tomas"]
[Black "Fiedler, Bedrich"]
[Result "0-1"]
[WhiteElo "1999"]
[BlackElo "2118"]
[PlyCount "28"]
[EventDate "2014.11.02"]
[EventType "team-tourn"]
[EventRounds "11"]
[EventCountry "CZE"]
[SourceTitle "EXT 2022"]
[Source "ChessBase"]
[SourceDate "2021.10.06"]
[SourceVersion "1"]
[SourceVersionDate "2021.10.06"]
[SourceQuality "1"]
[WhiteTeam "Hradec Kralove II"]
[BlackTeam "Lipa ZVU Engineering"]
[WhiteTeamCountry "CZE"]
[BlackTeamCountry "CZE"]

1. e4 c5 2. Nf3 d6 3. d4 cxd4 4. Nxd4 Nf6 5. Nc3 g6 6. f3 Bg7 7. Be3 Nc6 8. Qd2 0-0 9. g4 Be6 10. 0-0-0 Ne5 11. h4 Qa5 12. Kb1 Rfc8 13. h5 Nxf3 14. Qd3 Rxc3 0-1

[Event "CZE-chT2D 1314"]
[Site "Czech Republic"]
[Date "2013.12.01"]
[Round "3.4"]
[White "Pecinka, Martin"]
[Black "Fiedler, Bedrich"]
[Result "0-1"]
[WhiteElo "2083"]
[BlackElo "2105"]
[PlyCount "118"]
[EventDate "2013.11.03"]
[EventType "team-tourn"]
[EventRounds "11"]
[EventCountry "CZE"]
[SourceTitle "EXT 2016"]
[Source "ChessBase"]
[SourceDate "2015.10.08"]
[SourceVersion "1"]
[SourceVersionDate "2015.10.08"]
[SourceQuality "1"]
[WhiteTeam "Usti nad Orlici"]
[BlackTeam "Lipa"]
[WhiteTeamCountry "CZE"]
[BlackTeamCountry "CZE"]

1. e4 c5 2. Nc3 d6 3. f4 Nc6 4. Nf3 g6 5. Bc4 Bg7 6. 0-0 Nf6 7. d3 0-0 8. a4 Bg4 9. h3 Bxf3 10. Qxf3 Nd7 11. Nd5 a6 12. c3 Rb8 13. Ne3 Qc7 14. Ng4 b5 15. axb5 axb5 16. Bd5 e6 17. Bxc6 Qxc6 18. f5 exf5 19. Nh6+ Kh8 20. exf5 Qxf3 21. gxf3 Ne5 22. Ng4 gxf5 23. Ne3 Nxd3 24. Nxf5 Nxc1 25. Rfxc1 Be5 26. Rd1 b4 27. Nxd6 bxc3 28. bxc3 Bxc3 29. Ra7 Bd4+ 30. Kf1 Rb2 31. Rxf7 Rf2+ 32. Ke1 Rxf3 33. Rxf8+ Rxf8 34. Nb7 Rf3 35. Ke2 Re3+ 36. Kf1 Rxh3 37. Kg2 Rb3 38. Nxc5 Bxc5 39. Rd7 h6 40. Rf7 Kg8 41. Rf3 Rb4 42. Kh3 Be7 43. Rg3+ Bg5 44. Rg4 Rb1 45. Rc4 Kg7 46. Rc6 Rb4 47. Kg3 Bf6 48. Rc2 Kg6 49. Rg2 h5 50. Kh3+ Bg5 51. Rf2 Rb3+ 52. Kg2 h4 53. Rf3 Rb4 54. Kh3 Kh5 55. Rd3 Rb2 56. Rf3 Rb4 57. Rd3 Re4 58. Rf3 Bf4 59. Kg2 Kg4 0-1

[Event "CZE-chT2D 1213"]
[Site "Czech Republic"]
[Date "2012.12.16"]
[Round "5.6"]
[White "Kastner, Oldrich"]
[Black "Fiedler, Bedrich"]
[Result "1-0"]
[WhiteElo "2092"]
[BlackElo "2111"]
[PlyCount "73"]
[EventDate "2012.10.14"]
[EventType "team-tourn"]
[EventRounds "11"]
[EventCountry "CZE"]
[SourceTitle "EXT 2016"]
[Source "ChessBase"]
[SourceDate "2015.10.08"]
[SourceVersion "1"]
[SourceVersionDate "2015.10.08"]
[SourceQuality "1"]
[WhiteTeam "Pardubice Rapid II"]
[BlackTeam "Vysoke Myto"]
[WhiteTeamCountry "CZE"]
[BlackTeamCountry "CZE"]

1. e4 c5 2. Nf3 d6 3. d4 cxd4 4. Nxd4 Nf6 5. Nc3 g6 6. Bc4 Bg7 7. 0-0 0-0 8. Re1 Nc6 9. Bb3 Bd7 10. Bg5 Na5 11. Nd5 Nxb3 12. Bxf6 exf6 13. axb3 Re8 14. c3 Be6 15. Nb5 Bxd5 16. Qxd5 Re5 17. Qd3 Qd7 18. Nd4 a6 19. Nf3 Re6 20. Ra5 Rae8 21. Rd5 Qe7 22. h4 Bf8 23. e5 dxe5 24. Rd7 Qc5 25. Qe4 b5 26. Red1 Qc6 27. Qxc6 Rxc6 28. Rb7 Bd6 29. c4 Re7 30. Rxd6 Rxd6 31. Rxe7 bxc4 32. bxc4 Rb6 33. Ra7 Rxb2 34. Rxa6 Rc2 35. Ra8+ Kg7 36. Rc8 h6 37. Kf1 1-0

[Event "CZE-chT2D 1213"]
[Site "Czech Republic"]
[Date "2012.12.02"]
[Round "4.6"]
[White "Fiedler, Bedrich"]
[Black "Petraz, Martin"]
[Result "1/2-1/2"]
[WhiteElo "2111"]
[BlackElo "2007"]
[PlyCount "43"]
[EventDate "2012.10.14"]
[EventType "team-tourn"]
[EventRounds "11"]
[EventCountry "CZE"]
[SourceTitle "EXT 2016"]
[Source "ChessBase"]
[SourceDate "2015.10.08"]
[SourceVersion "1"]
[SourceVersionDate "2015.10.08"]
[SourceQuality "1"]
[WhiteTeam "Vysoke Myto"]
[BlackTeam "Ceska Trebova"]
[WhiteTeamCountry "CZE"]
[BlackTeamCountry "CZE"]

1. d4 d5 2. Nf3 Nf6 3. c4 c6 4. Nc3 dxc4 5. a4 Bf5 6. e3 e6 7. Bxc4 Nbd7 8. 0-0 Be7 9. Qe2 0-0 10. e4 Bg4 11. Rd1 Qc7 12. Bg5 Rfe8 13. e5 Nd5 14. Bxe7 Nxc3 15. bxc3 Rxe7 16. Bd3 Nf8 17. Be4 Rd8 18. h3 Bxf3 19. Bxf3 Red7 20. Rdb1 Ng6 21. a5 Ne7 22. Qc4 1/2-1/2

[Event "Hradec Kralove op"]
[Site "Hradec Kralove"]
[Date "2012.05.17"]
[Round "7"]
[White "Larsen, Flemming Bo"]
[Black "Fiedler, Bedrich"]
[Result "1-0"]
[WhiteElo "2229"]
[BlackElo "2123"]
[PlyCount "87"]
[EventDate "2012.05.12"]
[EventType "swiss"]
[EventRounds "9"]
[EventCountry "CZE"]
[SourceTitle "CBM 148 Extra"]
[Source "ChessBase"]
[SourceDate "2012.06.22"]
[SourceVersion "1"]
[SourceVersionDate "2012.06.22"]
[SourceQuality "1"]

1. c4 c6 2. Nf3 d5 3. d4 Nf6 4. g3 Bf5 5. Nc3 e6 6. Bg2 h6 7. 0-0 Nbd7 8. b3 Bd6 9. Bb2 0-0 10. Nd2 e5 11. cxd5 exd4 12. Nce4 Nxe4 13. Bxe4 Bh3 14. dxc6 bxc6 15. Bxc6 Bxf1 16. Bxa8 Bxe2 17. Qxe2 Qxa8 18. Bxd4 Re8 19. Qf3 Qxf3 20. Nxf3 a5 21. Be3 Bb4 22. Rd1 Nf6 23. h3 Ne4 24. Rd3 Rc8 25. Nd4 Nc3 26. Rd2 Nd5 27. Rc2 Re8 28. Bc1 Re1+ 29. Kg2 Rd1 30. Nc6 Be1 31. Bb2 Bb4 32. a3 Bd6 33. Nxa5 Rd3 34. b4 Bxg3 35. Rc8+ Kh7 36. fxg3 Rd2+ 37. Kf3 Rxb2 38. Rd8 Nc3 39. Rd3 Nb5 40. Ke4 Kg6 41. Nc4 f5+ 42. Kd5 Rb1 43. Kc5 Nc7 44. Rd6+ 1-0